00705nam a2200193 a 450000100100000000500170001000800410002704000250006808200150009310000300010824501030013826000480024130000200028970000260030970000370033504900090037295201130038199900170049400002679120200930030419.0110325s1972 dr 000 0 spa d aDO-SdBNPbspacBNPHU axxxbF529e1 aFischer, Robert J.95390213aEl encuentro del siglo /cRobert J. Fischer, Boris Spassky; recopilación por José Goudy Pratt. aSanto Domingo :bEditora del Caribe,c1972. a59 p. ;c23 cm.1 aSpassky, Boris9539031 aGoudy Pratt, Joséerec.949050 aBNPD 0010718PDaPDbPDcCTd2011-03-25iLF1l0oxxx F529ep26791-10r2020-06-25w2020-06-25yLFPDZNo se presta c26283d26283